La Seine-et-Marne en images - Statistiques

Statistiques générales
  • Ce quiz a été pris 196 fois
  • Le résultat moyen est 11 sur 18
Statistiques - réponses
Par images Hint Réponse % Correct
Parc à thèmes Disneyland Paris
97%
Aéroport international Roissy Charles De Gaulle
91%
Fromage Brie
87%
Footballer Paul Pogba
81%
Préfecture Melun
79%
Chanteur Slimane
79%
Forêt Forêt de Fontainebleau
77%
Écriture Braille
74%
Émission télévisée Star Academy
74%
Ligne de transport RER A
66%
Château Château de Vaux le Vicomte
58%
Château Château de Provins
51%
Ancienne province Champagne
43%
Bataille Bataille de la Marne
42%
Catcheur André le Géant
33%
Condiment Moutarde de Meaux
33%
École d'art École de Barbizon
19%
Photographe Henri Cartier Bresson
11%
Aucun quiz correspondant
Distribution des résultats
% des personnes avec chaque résultat
Percentile par nombre de réponses
Votre historique - résultats
Vous n’avez pas pris ce quiz